000 00492nam a22001817a 4500
005 20251108164222.0
008 250721s9999 xx 000 0 ara d
082 1 4 _a338.27282095669/فري
100 1 _aالعجيل، فريد شاري
245 1 0 _aالنفط في الكويت :
_bدراسة تحليلية شاملة /
264 _c[19-].
300 _a140ص
650 1 7 _aالنفط
650 1 7 _aالإقتصاد
650 1 7 _aالكويت
942 _2ddc
_cBK
999 _c6662
_d6662